[Event "New Zealand Seniors Championship 2017"]
[Site "Mount Manganui NZL"]
[Date "2017.09.01"]
[Round "1.1"]
[White "Cooper, Nigel"]
[Black "Dive, Russell J"]
[Result "0-1"]
[WhiteElo "1791"]
[BlackElo "2434"]
[PlyCount "56"]
[EventDate "2017.09.01"]

1. e4 c6 2. d4 d5 3. Nc3 dxe4 4. Nxe4 Nd7 5. Nf3 Ngf6 6. Nxf6+ Nxf6 7. Bc4 e6
8. O-O b5 9. Bd3 Bb7 10. Bg5 Be7 11. Re1 Rc8 12. c3 O-O 13. Qc2 h6 14. Bxf6
Bxf6 15. Rad1 Qc7 16. b4 a5 17. a3 Ra8 18. Ra1 Ra7 19. Ra2 Rfa8 20. Rea1 e5 21.
dxe5 Bxe5 22. Nxe5 Qxe5 23. c4 bxc4 24. Qxc4 axb4 25. Qxb4 c5 26. Qb3 Bd5 27.
Bc4 Rxa3 28. Rxa3 Qxa1+ 0-1

[Event "New Zealand Seniors Championship 2017"]
[Site "Mount Manganui NZL"]
[Date "2017.09.01"]
[Round "1.2"]
[White "Smith, Robert W"]
[Black "Smith, Vivian J"]
[Result "1-0"]
[WhiteElo "2353"]
[BlackElo "1785"]
[PlyCount "87"]
[EventDate "2017.09.01"]

1. e4 c5 2. Nf3 g6 3. d4 cxd4 4. Nxd4 Nc6 5. Nc3 Bg7 6. Be3 d6 7. Qd2 h6 8.
O-O-O a6 9. f3 Qc7 10. Nd5 Qd8 11. Nxc6 bxc6 12. Bb6 Qd7 13. Nc7+ Kf8 14. Nxa8
Qb7 15. Bd4 Qxa8 16. Bxg7+ Kxg7 17. Qd4+ Nf6 18. e5 dxe5 19. Qxe5 Be6 20. g4
Re8 21. h4 Kg8 22. Bd3 Bd5 23. Rh3 Nd7 24. Qe3 Kg7 25. c4 Be6 26. Qd4+ Kg8 27.
Rhh1 Qb7 28. Rhe1 Nf8 29. Be4 Rb8 30. Re2 Qb4 31. Rc2 c5 32. Qc3 Qb6 33. Bd5
Qc7 34. Qe3 Kg7 35. Re1 Qb6 36. Qe5+ Kg8 37. Re3 Qa7 38. Rb3 Rxb3 39. axb3 Qb6
40. Rc3 Nd7 41. Qe3 Nf8 42. Qxh6 Qd6 43. Rd3 Qc7 44. Be4 1-0

[Event "New Zealand Seniors Championship 2017"]
[Site "Mount Manganui NZL"]
[Date "2017.09.01"]
[Round "1.3"]
[White "Laurie, Ian"]
[Black "Steadman, Michael V R"]
[Result "1/2-1/2"]
[WhiteElo "1736"]
[BlackElo "2260"]
[PlyCount "70"]
[EventDate "2017.09.01"]

1. c4 f5 2. Nc3 Nf6 3. g3 g6 4. Bg2 Bg7 5. d3 d6 6. Nf3 O-O 7. h4 h6 8. Bd2 e5
9. e3 Nc6 10. Nd5 Nxd5 11. cxd5 Ne7 12. Qb3 Kh8 13. Bc3 c6 14. Ng5 c5 15. Ne6
Bxe6 16. dxe6 Rb8 17. f4 b5 18. O-O a5 19. a4 b4 20. Bd2 d5 21. Rad1 Qd6 22. e4
c4 23. dxc4 dxe4 24. fxe5 Qxe6 25. Bf4 Rbc8 26. Qe3 Bxe5 27. Bxe5+ Qxe5 28.
Qxh6+ Kg8 29. Rd7 Rfd8 30. Rxe7 Qxe7 31. Qxg6+ Qg7 32. Qxf5 Rf8 33. Qd5+ Kh8
34. Qh5+ Kg8 35. Qd5+ Kh8 1/2-1/2

[Event "New Zealand Seniors Championship 2017"]
[Site "Mount Manganui NZL"]
[Date "2017.09.01"]
[Round "1.4"]
[White "Milligan, Helen"]
[Black "List, Robert"]
[Result "1/2-1/2"]
[WhiteElo "2123"]
[BlackElo "1681"]
[PlyCount "83"]
[EventDate "2017.09.01"]

1. e4 d6 2. d4 Nf6 3. Nc3 c6 4. h3 Qc7 5. Nf3 e5 6. Be3 Be7 7. Be2 Nbd7 8. O-O
Nf8 9. Qd2 h6 10. Rfd1 g5 11. Nh2 Ng6 12. d5 Nf4 13. Bxf4 gxf4 14. Ng4 Nxg4 15.
Bxg4 Bxg4 16. hxg4 O-O-O 17. dxc6 bxc6 18. Qe2 Rdg8 19. Rd3 Qb6 20. Na4 Qa6 21.
b3 Rg6 22. c4 Rhg8 23. f3 h5 24. gxh5 Rg3 25. Rd2 Kc7 26. Rad1 Rh8 27. Qf2 Rxh5
28. c5 Rh6 29. cxd6+ Rxd6 30. Rxd6 Bxd6 31. Qd2 Rg6 32. Kf2 Qb5 33. Qd3 Bc5+
34. Nxc5 Qxc5+ 35. Kf1 Rd6 36. Qxd6+ Qxd6 37. Rxd6 Kxd6 38. Ke2 Kc5 39. Kd3 Kb4
40. Kc2 Ka3 41. Kb1 c5 42. Ka1 1/2-1/2

[Event "New Zealand Seniors Championship 2017"]
[Site "Mount Manganui NZL"]
[Date "2017.09.01"]
[Round "1.5"]
[White "Findlay, John"]
[Black "Marko, Helmut S"]
[Result "0-1"]
[WhiteElo "1677"]
[BlackElo "2067"]
[PlyCount "62"]
[EventDate "2017.09.01"]

1. e4 c5 2. Nf3 Nc6 3. d4 cxd4 4. Nxd4 g6 5. Be3 Bg7 6. Nc3 d6 7. Bc4 Nf6 8. f3
Qb6 9. Nf5 Qxb2 10. Nxg7+ Kf8 11. Bd2 Kxg7 12. Rb1 Qa3 13. Qe2 Na5 14. Bd3 Bd7
15. e5 dxe5 16. Qxe5 Nc6 17. Qf4 b6 18. Qh6+ Kg8 19. Rb3 Qd6 20. Ne4 Nxe4 21.
Bxe4 Rd8 22. Rd3 Qc7 23. Rc3 Qe5 24. O-O Nd4 25. Re1 Bb5 26. Rce3 Qc5 27. Bc3
e5 28. Bd3 Bxd3 29. Rxd3 Nf5+ 30. Bd4 Rxd4 31. Rxe5 Qxe5 0-1

[Event "New Zealand Seniors Championship 2017"]
[Site "Mount Manganui NZL"]
[Date "2017.09.01"]
[Round "1.6"]
[White "Gibbons, Robert E"]
[Black "Gothorp, Thomas H T"]
[Result "1-0"]
[WhiteElo "2049"]
[BlackElo "1564"]
[PlyCount "66"]
[EventDate "2017.09.01"]

1. d4 d5 2. Nf3 Nf6 3. Bg5 e6 4. e3 Be7 5. Bd3 Nbd7 6. Nbd2 b6 7. Rc1 a5 8. Qe2
Bb7 9. O-O h6 10. Bh4 Nh5 11. Bxe7 Qxe7 12. Ne5 Nhf6 13. f4 Ne4 14. Bb5 Nef6
15. g4 O-O-O 16. g5 hxg5 17. fxg5 Nxe5 18. gxf6 gxf6 19. dxe5 f5 20. Ba6 Rdg8+
21. Kh1 c5 22. Nf3 Kb8 23. Bxb7 Qxb7 24. Rg1 Rg4 25. Rxg4 fxg4 26. Ng1 g3 27.
h3 f5 28. exf6 Qh7 29. Qf3 Rg8 30. Kg2 Rg5 31. f7 Rf5 32. f8=Q+ Rxf8 33. Qxf8+
Kb7 1-0

[Event "New Zealand Seniors Championship 2017"]
[Site "Mount Manganui NZL"]
[Date "2017.09.01"]
[Round "1.7"]
[White "Burgess, Ken"]
[Black "Lim, Benjamin U"]
[Result "0-1"]
[WhiteElo "1547"]
[BlackElo "2024"]
[PlyCount "72"]
[EventDate "2017.09.01"]

1. Nf3 Nf6 2. g3 g6 3. Bg2 Bg7 4. O-O O-O 5. d3 d5 6. Nbd2 b6 7. e4 dxe4 8.
dxe4 Bb7 9. Re1 c5 10. c3 Nxe4 11. Ng5 Nd6 12. Bxb7 Nxb7 13. Qf3 Qc7 14. Nc4
Nc6 15. Bf4 e5 16. Nxe5 Bxe5 17. Bxe5 Nxe5 18. Qf4 Rae8 19. Kf1 Qc6 20. Qe4
Qxe4 21. Nxe4 f5 22. Nd2 Nd6 23. b3 Nd3 24. Re3 Rxe3 25. fxe3 Ne4 26. Nxe4
fxe4+ 27. Kg1 Rf3 28. Rd1 Rxe3 29. Rd2 b5 30. Kg2 c4 31. b4 Re1 32. Rc2 Rb1 33.
Re2 Rb2 34. Kf1 Rxe2 35. Kxe2 Nc1+ 36. Ke3 Nxa2 0-1

[Event "New Zealand Seniors Championship 2017"]
[Site "Mount Manganui NZL"]
[Date "2017.09.01"]
[Round "1.8"]
[White "Lynn, K William"]
[Black "Booth, Anthony J"]
[Result "0-1"]
[WhiteElo "1852"]
[BlackElo "1486"]
[PlyCount "112"]
[EventDate "2017.09.01"]

1. d4 f5 2. e4 d6 3. Nc3 g6 4. Bd3 e6 5. Qe2 Be7 6. Nf3 Nf6 7. e5 dxe5 8. dxe5
Nd5 9. Nxd5 exd5 10. Bh6 c5 11. Bb5+ Nc6 12. O-O-O Be6 13. h4 Qa5 14. a3 O-O-O
15. Bxc6 bxc6 16. Ng5 Bxg5+ 17. Bxg5 Rd7 18. h5 Rg8 19. hxg6 hxg6 20. Bd2 Qb6
21. Rh3 d4 22. f4 Rb7 23. b4 cxb4 24. axb4 a5 25. Ra3 axb4 26. Ra6 Qc7 27. Ra8+
Kd7 28. Rxg8 Bxg8 29. Qd3 c5 30. g4 Qa5 31. Be1 Qa3+ 32. Kd2 Qxd3+ 33. Kxd3 Kc6
34. gxf5 gxf5 35. Ra1 Kb5 36. Ra8 Bc4+ 37. Kd2 Be6 38. Rd8 Rb6 39. Kd3 Bc4+ 40.
Kd2 b3 41. cxb3 Bxb3 42. Bf2 Be6 43. Bh4 Kc4 44. Rd6 Rxd6 45. exd6 Kd5 46. Be7
c4 47. Bf6 Ke4 48. Be5 c3+ 49. Kc2 Ke3 50. Kd1 Kd3 51. Kc1 Kc4 52. Kc2 d3+ 53.
Kd1 Kb3 54. Bd4 Kc4 55. Be5 Bd7 56. Kc1 d2+ 0-1